00902cam a22002414a 4500999001500000001000600015003000900021005001700030008004100047020001500088040002800103082001900131100002600150245008800176250001200264260005500276300004100331504005400372650007500426650003000501942001200531952011700543 c2795d279512401BD-DhUAP20210130141516.0200227s2001 nyua b 000 0 eng  a156898250X aDLCcDLCdBD-DhUAPbEng00a720.92 COH2231 aCohen, Preston Scott.10aContested symmetries and other predicaments in architecture /cPreston Scott Cohen. a1st ed. aNew York :bPrinceton Architectural Press,cc2001. a173 pages :billustrations ;c28 cm. aIncludes bibliographical references (p. 166-168). 0aArchitecturezUnited StatesxHistoryy20th centuryvDesigns and plans. 0aGeometry in architecture. 2ddccBK 00102ddc4070aUAPCLbUAPCLcGeneral Stacksd2020-02-27o720.92 COHp3010012401r2020-02-27t1w2020-02-27yBK